[Event "Titled Tuesday intern op 09th Jul Late"]
[Site "Chess.com INT"]
[Date "2024.07.09"]
[Round "3"]
[White "Wang, Lidong"]
[Black "Dominguez, Ramiro"]
[Result "1-0"]
[WhiteElo "2128"]
[BlackElo "2185"]
[PlyCount "101"]
[EventDate "2024.07.09"]
[EventType "swiss (blitz)"]
[EventRounds "11"]
[EventCountry "USA"]
[SourceTitle "EXT 2025"]
[Source "ChessBase"]
[SourceDate "2024.10.14"]
[SourceVersion "1"]
[SourceVersionDate "2024.10.14"]
[SourceQuality "1"]

1. e4 e5 2. Nf3 Nc6 3. Bc4 Nf6 4. d3 Be7 5. 0-0 d6 6. c3 0-0 7. Re1 h6 8. Nbd2 a6 9. Bb3 Nh7 10. Nf1 Be6 11. Bc2 f5 12. exf5 Bxf5 13. Ne3 Bg6 14. Nd2 Kh8 15. Ne4 d5 16. Ng3 d4 17. Ng4 Bd6 18. f3 Ng5 19. c4 Qd7 20. Ba4 Rae8 21. Nf2 Ne6 22. Bxc6 Qxc6 23. a3 Nf4 24. Nfe4 b6 25. b4 Rf7 26. Bxf4 Rxf4 27. Qe2 Ref8 28. Rec1 Be7 29. Nd2 h5 30. Nge4 h4 31. h3 Bh5 32. c5 b5 33. a4 Qg6 34. Kh1 Qe6 35. Kh2 g5 36. axb5 axb5 37. Ra7 Bd8 38. Rca1 Rg8 39. R1a6 c6 40. Rb7 g4 41. fxg4 Bxg4 42. hxg4 Rfxg4 43. Raa7 Qg6 44. Rh7+ Qxh7 45. Rxh7+ Kxh7 46. Nf3 Be7 47. Nxe5 Rxg2+ 48. Qxg2 Rxg2+ 49. Kxg2 Kh6 50. Nxc6 Bf8 51. Na7 1-0

[Event "Titled Tuesday intern op 09th Jul Late"]
[Site "Chess.com INT"]
[Date "2024.07.09"]
[Round "2"]
[White "Wang, Lidong"]
[Black "Martinez, Shawn"]
[Result "0-1"]
[WhiteElo "2128"]
[BlackElo "1921"]
[PlyCount "86"]
[EventDate "2024.07.09"]
[EventType "swiss (blitz)"]
[EventRounds "11"]
[EventCountry "USA"]
[SourceTitle "EXT 2025"]
[Source "ChessBase"]
[SourceDate "2024.10.14"]
[SourceVersion "1"]
[SourceVersionDate "2024.10.14"]
[SourceQuality "1"]

1. e4 c5 2. c3 d5 3. exd5 Qxd5 4. d4 cxd4 5. cxd4 Nf6 6. Nf3 Nc6 7. Nc3 Qd6 8. Be2 e6 9. 0-0 Be7 10. a3 0-0 11. b4 a6 12. Bg5 Rd8 13. Be3 Bd7 14. Qb3 Be8 15. Rac1 Rac8 16. h3 h6 17. Rfd1 Bf8 18. Na4 Ne7 19. Nc5 Qb8 20. Ne5 Ned5 21. a4 Nd7 22. Nexd7 Bxd7 23. a5 Bc6 24. Bf3 Bxc5 25. bxc5 Ne7 26. Bg4 Nd5 27. Rb1 Qc7 28. Rdc1 Qxa5 29. Ra1 Qc7 30. Bd2 Qe7 31. Ba5 Rd7 32. Qg3 Nf6 33. Be2 Rxd4 34. Bc3 Rd5 35. Bb2 Rg5 36. Bg4 h5 37. Qh4 Nxg4 38. hxg4 Bxg2 39. f4 Rcxc5 40. fxg5 Rxg5 41. Ra4 Bf3 42. Kf2 Bxg4 43. Qh1 Rf5+ 0-1

[Event "Titled Tuesday intern op 02nd Jul Late"]
[Site "Chess.com INT"]
[Date "2024.07.02"]
[Round "5"]
[White "Wang, Lidong"]
[Black "Qian, Ashley"]
[Result "0-1"]
[WhiteElo "2128"]
[BlackElo "1867"]
[PlyCount "88"]
[EventDate "2024.07.02"]
[EventType "swiss (blitz)"]
[EventRounds "11"]
[EventCountry "USA"]
[SourceTitle "EXT 2025"]
[Source "ChessBase"]
[SourceDate "2024.10.14"]
[SourceVersion "1"]
[SourceVersionDate "2024.10.14"]
[SourceQuality "1"]

1. e4 e5 2. Nf3 Nc6 3. Bc4 Nf6 4. d3 Bc5 5. c3 d6 6. 0-0 a5 7. a4 0-0 8. Re1 Ba7 9. Na3 Ne7 10. Nc2 Ng6 11. Bb3 Bg4 12. h3 Bd7 13. Be3 Bxe3 14. Nxe3 Nh5 15. d4 Nhf4 16. Kh2 c6 17. dxe5 dxe5 18. Nxe5 Nxe5 19. Qd6 Neg6 20. Rad1 Be6 21. Bxe6 Nxe6 22. Qa3 Qc7+ 23. Kg1 Ngf4 24. Nf5 Rfd8 25. Nd6 Rd7 26. e5 Ng6 27. c4 Rad8 28. c5 b6 29. cxb6 Qxb6 30. Nc4 Rxd1 31. Nxb6 Rxe1+ 32. Kh2 Rdd1 33. Nc4 Rh1+ 34. Kg3 Ngf4 35. Qe7 h6 36. Nxa5 Rhg1 37. Qe8+ Kh7 38. Nxc6 Rxg2+ 39. Kf3 Rd3+ 40. Ke4 Rxf2 41. b4 Re2+ 42. Kf5 g6+ 43. Kg4 h5+ 44. Kh4 Ng2# 0-1

[Event "Titled Tuesday intern op 02nd Jul Late"]
[Site "Chess.com INT"]
[Date "2024.07.02"]
[Round "7"]
[White "Wang, Lidong"]
[Black "Sena, Juan Oscar"]
[Result "1-0"]
[WhiteElo "2128"]
[BlackElo "1945"]
[PlyCount "111"]
[EventDate "2024.07.02"]
[EventType "swiss (blitz)"]
[EventRounds "11"]
[EventCountry "USA"]
[SourceTitle "EXT 2025"]
[Source "ChessBase"]
[SourceDate "2024.10.14"]
[SourceVersion "1"]
[SourceVersionDate "2024.10.14"]
[SourceQuality "1"]

1. e4 c5 2. c3 Nf6 3. e5 Nd5 4. d4 cxd4 5. Nf3 d6 6. Bc4 Nb6 7. Bb3 e6 8. 0-0 Nc6 9. exd6 Bxd6 10. cxd4 0-0 11. Nc3 a6 12. Qe2 Nb4 13. Bg5 Be7 14. Bxe7 Qxe7 15. a3 Nc6 16. Rfe1 Rd8 17. Rad1 Bd7 18. d5 Na5 19. Ba2 Qf6 20. dxe6 Bxe6 21. Rxd8+ Rxd8 22. Bxe6 fxe6 23. Qxe6+ Qxe6 24. Rxe6 Nbc4 25. Re2 Rd3 26. Ne1 Rd6 27. g3 Rb6 28. Nd3 Nb3 29. Kg2 Nd4 30. Re4 Rd6 31. a4 b5 32. axb5 axb5 33. b4 Nd2 34. Re8+ Kf7 35. Rc8 Nc2 36. Ne5+ Ke6 37. Nxb5 Rb6 38. Rxc2 Rxb5 39. Rxd2 Kxe5 40. Rb2 Kf5 41. Kf3 g5 42. Ke3 Ke5 43. f4+ gxf4+ 44. gxf4+ Kf5 45. Kd4 Kxf4 46. Kc4 Rb7 47. b5 h5 48. b6 h4 49. Kc5 h3 50. Kc6 Rb8 51. b7 Rh8 52. Kc7 Rh7+ 53. Kb6 Rh8 54. Ka7 Kf3 55. b8Q Rxb8 56. Kxb8 1-0

[Event "Titled Tuesday intern op 25th Jun Late"]
[Site "Chess.com INT"]
[Date "2024.06.25"]
[Round "9"]
[White "Buchenau, Frank"]
[Black "Wang, Lidong"]
[Result "1-0"]
[WhiteElo "2174"]
[BlackElo "2128"]
[PlyCount "75"]
[EventDate "2024.06.25"]
[EventType "swiss (blitz)"]
[EventRounds "11"]
[EventCountry "USA"]
[SourceTitle "EXT 2025"]
[Source "ChessBase"]
[SourceDate "2024.10.14"]
[SourceVersion "1"]
[SourceVersionDate "2024.10.14"]
[SourceQuality "1"]

1. e4 e6 2. d4 d5 3. Nd2 Nf6 4. e5 Nfd7 5. c3 c5 6. f4 Nc6 7. Ngf3 Qb6 8. Nb3 cxd4 9. cxd4 a5 10. a4 Bb4+ 11. Kf2 f6 12. Be3 0-0 13. Bb5 Ne7 14. g4 Qd8 15. Kg3 h5 16. h3 fxe5 17. dxe5 Nb6 18. Qd3 Nc4 19. Ng5 g6 20. Bc5 h4+ 21. Kg2 Bxc5 22. Nxc5 Qb6 23. Qd4 Nc6 24. Bxc6 Qxc6 25. b3 Nb6 26. Rac1 Qe8 27. Rhf1 Bd7 28. Ncxe6 Bxe6 29. Qxb6 Bf7 30. e6 Ra6 31. exf7+ Rxf7 32. Qf2 d4 33. Rfe1 Re7 34. Rxe7 Qxe7 35. Rc8+ Kg7 36. Qxd4+ Rf6 37. Qe5 Qb4 38. Ne4 1-0

[Event "Titled Tuesday intern op 25th Jun Late"]
[Site "Chess.com INT"]
[Date "2024.06.25"]
[Round "11"]
[White "Butti, Enrique"]
[Black "Wang, Lidong"]
[Result "0-1"]
[WhiteElo "1976"]
[BlackElo "2128"]
[PlyCount "92"]
[EventDate "2024.06.25"]
[EventType "swiss (blitz)"]
[EventRounds "11"]
[EventCountry "USA"]
[SourceTitle "EXT 2025"]
[Source "ChessBase"]
[SourceDate "2024.10.14"]
[SourceVersion "1"]
[SourceVersionDate "2024.10.14"]
[SourceQuality "1"]

1. d4 Nf6 2. Nf3 g6 3. c4 c5 4. Nc3 Bg7 5. d5 d6 6. Nd2 0-0 7. e4 e6 8. Be2 exd5 9. cxd5 Re8 10. f3 Na6 11. 0-0 Nc7 12. a4 b6 13. Nc4 Rb8 14. Nb5 Nxb5 15. axb5 Rb7 16. Re1 Bf8 17. Bd2 Bd7 18. Qb3 Nh5 19. g4 Nf6 20. Bf4 Bc8 21. Ra2 Qd7 22. Bd2 Bg7 23. Bc3 h5 24. h3 Qe7 25. Qd1 Nh7 26. Kg2 Qh4 27. Rh1 Rd8 28. Bxg7 Kxg7 29. Qe1 Qf6 30. Qg3 h4 31. Qh2 g5 32. Rd1 Re7 33. Rda1 Rdd7 34. Ne3 Rc7 35. Bd3 Nf8 36. Nc4 Red7 37. Ne3 Re7 38. Nc4 Ng6 39. Qxd6 Nf4+ 40. Kf1 Qxd6 41. Nxd6 Nxd3 42. Nxc8 Rxc8 43. Rxa7 Rxa7 44. Rxa7 Nxb2 45. d6 Nc4 46. d7 Rd8 0-1

[Event "Titled Tuesday intern op 25th Jun Late"]
[Site "Chess.com INT"]
[Date "2024.06.25"]
[Round "4"]
[White "Gryshko, Vitalii"]
[Black "Wang, Lidong"]
[Result "1-0"]
[WhiteElo "2294"]
[BlackElo "2128"]
[PlyCount "165"]
[EventDate "2024.06.25"]
[EventType "swiss (blitz)"]
[EventRounds "11"]
[EventCountry "USA"]
[SourceTitle "EXT 2025"]
[Source "ChessBase"]
[SourceDate "2024.10.14"]
[SourceVersion "1"]
[SourceVersionDate "2024.10.14"]
[SourceQuality "1"]

1. d4 Nf6 2. c4 c5 3. d5 d6 4. Nf3 g6 5. Nc3 Bg7 6. e4 0-0 7. a4 e6 8. Bd3 exd5 9. exd5 Bg4 10. 0-0 a6 11. h3 Bxf3 12. Qxf3 Nbd7 13. Bf4 Ne8 14. Qg3 Ne5 15. Be2 f5 16. h4 b6 17. h5 Ra7 18. a5 Re7 19. hxg6 hxg6 20. Bg5 Nf6 21. Bxf6 Rxf6 22. f4 Nd7 23. Bd3 Nf8 24. Rfe1 Rff7 25. Kf1 bxa5 26. Bc2 Bd4 27. Rxe7 Qxe7 28. Re1 Qb7 29. Re8 Kg7 30. b3 Qb4 31. Ne2 Bf6 32. Bxf5 Qd2 33. Be6 Qd1+ 34. Qe1 Qxe1+ 35. Kxe1 Rb7 36. Nc1 Bb2 37. Nd3 Rxb3 38. Re7+ Kh6 39. Nf2 Bc3+ 40. Kd1 Rb1+ 41. Ke2 Rb2+ 42. Kf3 Bd4 43. Ng4+ Kh5 44. Rf7 Rb3+ 45. Ke2 Rb2+ 46. Kd1 Rxg2 47. Nf6+ Bxf6 48. Rxf6 Nh7 49. Rf7 Kh6 50. Bd7 Ra2 51. Re7 a4 52. Re6 a3 53. Rxd6 Rf2 54. Rxa6 a2 55. Ke1 Rh2 56. d6 a1Q+ 57. Rxa1 Rh1+ 58. Kd2 Rxa1 59. Bc8 Nf6 60. d7 Nxd7 61. Bxd7 Ra7 62. Be6 Re7 63. f5 g5 64. Ke3 Kg7 65. Kf3 Kf6 66. Kg4 Ra7 67. Bd5 Ra1 68. Be6 Rg1+ 69. Kf3 Rf1+ 70. Ke4 Re1+ 71. Kd5 g4 72. Kxc5 g3 73. Bd5 Kxf5 74. Kb6 Kg4 75. c5 Re2 76. c6 g2 77. Bxg2 Rxg2 78. c7 Rc2 79. Kb7 Rb2+ 80. Kc8 Kf5 81. Kd8 Rd2+ 82. Ke7 Rb2 83. c8Q+ 1-0

[Event "Titled Tuesday intern op 25th Jun Early"]
[Site "Chess.com INT"]
[Date "2024.06.25"]
[Round "7"]
[White "Persson, Richard"]
[Black "Wang, Lidong"]
[Result "1-0"]
[WhiteElo "2106"]
[BlackElo "2128"]
[PlyCount "105"]
[EventDate "2024.06.25"]
[EventType "swiss (blitz)"]
[EventRounds "11"]
[EventCountry "USA"]
[SourceTitle "EXT 2025"]
[Source "ChessBase"]
[SourceDate "2024.10.14"]
[SourceVersion "1"]
[SourceVersionDate "2024.10.14"]
[SourceQuality "1"]

1. e4 e6 2. d4 d5 3. Nc3 Nf6 4. e5 Nfd7 5. Nce2 c5 6. c3 Nc6 7. f4 f6 8. Nf3 Qb6 9. Qb3 cxd4 10. Qxb6 Nxb6 11. cxd4 Bd7 12. Nc3 a6 13. g3 Be7 14. Be3 0-0 15. Bd3 Nb4 16. Bb1 Nc4 17. Bc1 Rac8 18. Ke2 Be8 19. Nd2 Bh5+ 20. Ke1 fxe5 21. Nxc4 Rxc4 22. dxe5 d4 23. Ne2 d3 24. Nc3 Nc2+ 25. Bxc2 dxc2 26. Bd2 Bc5 27. Rc1 Bf3 28. Rf1 Bg2 29. Rxc2 Bxf1 30. Kxf1 Ba7 31. Ke2 Rd8 32. Be3 Bxe3 33. Kxe3 b5 34. Re2 Kf7 35. Ne4 Ke7 36. Nd6 Rc6 37. Rd2 Rg8 38. h4 g6 39. Ne4 h6 40. b4 g5 41. hxg5 hxg5 42. Nxg5 Rc4 43. Rd6 Rc3+ 44. Kf2 Rc2+ 45. Kf3 Rxa2 46. Rxe6+ Kd7 47. Rb6 Rc8 48. Ne4 Rc4 49. f5 Rxb4 50. e6+ Ke8 51. f6 Ra3+ 52. Kf4 Raa4 53. Rb8# 1-0

[Event "Titled Tuesday intern op 25th Jun Early"]
[Site "Chess.com INT"]
[Date "2024.06.25"]
[Round "11"]
[White "Rietze, Clemens"]
[Black "Wang, Lidong"]
[Result "1-0"]
[WhiteElo "2372"]
[BlackElo "2128"]
[PlyCount "75"]
[EventDate "2024.06.25"]
[EventType "swiss (blitz)"]
[EventRounds "11"]
[EventCountry "USA"]
[SourceTitle "EXT 2025"]
[Source "ChessBase"]
[SourceDate "2024.10.14"]
[SourceVersion "1"]
[SourceVersionDate "2024.10.14"]
[SourceQuality "1"]

1. d4 Nf6 2. c4 c6 3. Nf3 g6 4. Nc3 Bg7 5. e4 d6 6. h3 0-0 7. Be2 Nbd7 8. 0-0 Qc7 9. Qc2 e5 10. Rd1 Re8 11. Be3 a5 12. b3 exd4 13. Bxd4 Nc5 14. e5 Nfd7 15. exd6 Qd8 16. a3 Ne6 17. Bxg7 Kxg7 18. b4 b6 19. Ne4 f5 20. Qb2+ Kg8 21. Ng3 Nf6 22. Ne5 Bd7 23. Rac1 c5 24. Bf3 Rc8 25. b5 Nd4 26. Rxd4 cxd4 27. Qxd4 Bxb5 28. Bd5+ Kg7 29. Nf7 Qd7 30. Nh6 Bc6 31. Nhxf5+ gxf5 32. Nh5+ Kh6 33. Qxf6+ Kxh5 34. Bf7+ Qxf7 35. Qxf7+ Kg5 36. d7 Bxd7 37. Qxd7 Rcd8 38. Qg7+ 1-0

[Event "Titled Tuesday intern op 25th Jun Late"]
[Site "Chess.com INT"]
[Date "2024.06.25"]
[Round "5"]
[White "Wang, Lidong"]
[Black "Bogaudinov, Rushan"]
[Result "1-0"]
[WhiteElo "2128"]
[BlackElo "1912"]
[PlyCount "147"]
[EventDate "2024.06.25"]
[EventType "swiss (blitz)"]
[EventRounds "11"]
[EventCountry "USA"]
[SourceTitle "EXT 2025"]
[Source "ChessBase"]
[SourceDate "2024.10.14"]
[SourceVersion "1"]
[SourceVersionDate "2024.10.14"]
[SourceQuality "1"]

1. e4 e6 2. d4 a6 3. c4 d6 4. Nc3 Nf6 5. Nf3 Be7 6. Bd3 0-0 7. e5 dxe5 8. dxe5 Nfd7 9. 0-0 Nc6 10. Re1 Nc5 11. Bc2 Qxd1 12. Rxd1 Nd7 13. Re1 Rd8 14. a3 Nf8 15. Be3 Ng6 16. Bxg6 hxg6 17. b4 b6 18. Rad1 Bb7 19. h3 Rxd1 20. Rxd1 Rd8 21. Kf1 Rxd1+ 22. Nxd1 a5 23. b5 Nb8 24. a4 Nd7 25. Bd4 Bc5 26. Bc3 Be4 27. Ke2 Bc2 28. Nb2 Ba3 29. Kd2 Be4 30. Nd3 Bxd3 31. Kxd3 Nc5+ 32. Ke3 Nxa4 33. Bd4 Bc5 34. Kd3 Kf8 35. g4 Ke7 36. h4 f6 37. h5 gxh5 38. gxh5 Bxd4 39. Kxd4 Kf7 40. Nd2 Nc5 41. f4 f5 42. Nf3 Kg8 43. Ng5 a4 44. Kc3 Kf8 45. Nf3 Ke7 46. Kb4 Nd3+ 47. Kxa4 Nxf4 48. Kb3 Nxh5 49. Kc3 Nf4 50. Kd4 Ng6 51. Ng5 Nf8 52. Ke3 Nd7 53. Kd4 g6 54. Nh7 Nf8 55. Ng5 Kd7 56. Kc3 c5 57. Kd3 Ke7 58. Ke3 Nd7 59. Kf4 Nf8 60. Ke3 Ke8 61. Kf4 Kd8 62. Ke3 Nd7 63. Kf4 Ke7 64. Nh7 Kf7 65. Ng5+ Kg7 66. Nh3 Kh6 67. Ng5 Kh5 68. Nxe6 g5+ 69. Nxg5 Nxe5 70. Kxf5 Nxc4 71. Ne4 Na3 72. Nd6 c4 73. Ke4 Kg6 74. Kd4 1-0

[Event "Titled Tuesday intern op 25th Jun Early"]
[Site "Chess.com INT"]
[Date "2024.06.25"]
[Round "10"]
[White "Wang, Lidong"]
[Black "Mamedjarova, Turkan"]
[Result "1-0"]
[WhiteElo "2128"]
[BlackElo "2217"]
[PlyCount "57"]
[EventDate "2024.06.25"]
[EventType "swiss (blitz)"]
[EventRounds "11"]
[EventCountry "USA"]
[SourceTitle "EXT 2025"]
[Source "ChessBase"]
[SourceDate "2024.10.14"]
[SourceVersion "1"]
[SourceVersionDate "2024.10.14"]
[SourceQuality "1"]

1. e4 c5 2. c3 g6 3. d4 cxd4 4. cxd4 Bg7 5. Nc3 e6 6. Nf3 Ne7 7. Be2 0-0 8. 0-0 d5 9. e5 Nbc6 10. Bg5 h6 11. Be3 f6 12. exf6 Rxf6 13. Qd2 Nf5 14. Bf4 Rf7 15. Ne5 Nxe5 16. Bxe5 Bxe5 17. dxe5 d4 18. Bc4 Bd7 19. Ne4 Bc8 20. Nf6+ Kg7 21. Rac1 b6 22. Rfd1 Nh4 23. Qf4 g5 24. Qg4 Bb7 25. Rxd4 Qc7 26. Qxe6 Rc8 27. Rcd1 Bxg2 28. Rd7 Bh3 29. Qxf7+ 1-0

[Event "Titled Tuesday intern op 18th Jun Late"]
[Site "Chess.com INT"]
[Date "2024.06.18"]
[Round "8"]
[White "Wang, Lidong"]
[Black "Floresvillar Gonzalez, Luis Miguel"]
[Result "0-1"]
[WhiteElo "2128"]
[BlackElo "2021"]
[PlyCount "72"]
[EventDate "2024.06.18"]
[EventType "swiss (blitz)"]
[EventRounds "11"]
[EventCountry "USA"]
[SourceTitle "EXT 2025"]
[Source "ChessBase"]
[SourceDate "2024.10.14"]
[SourceVersion "1"]
[SourceVersionDate "2024.10.14"]
[SourceQuality "1"]

1. e4 e5 2. Nf3 Nc6 3. Bc4 Nf6 4. d3 Bc5 5. c3 d6 6. h3 h6 7. b4 Bb6 8. a4 a6 9. Be3 g5 10. a5 Bxe3 11. fxe3 g4 12. hxg4 Nxg4 13. Qe2 Be6 14. Nbd2 Bxc4 15. Nxc4 Qd7 16. Nh4 h5 17. Nf5 0-0-0 18. Rf1 f6 19. 0-0-0 d5 20. exd5 Qxd5 21. e4 Qe6 22. Rf3 Na7 23. Rh3 Nb5 24. Kb2 Kb8 25. Rdh1 Qf7 26. Nce3 Nxe3 27. Nxe3 Qa2+ 28. Kxa2 Nxc3+ 29. Kb3 Nxe2 30. Kc4 Nf4 31. Rh4 Rd4+ 32. Kb3 Rxd3+ 33. Ka4 Rxe3 34. Rd1 Kc8 35. g4 Rg3 36. gxh5 Rxh5 0-1

[Event "Titled Tuesday intern op 18th Jun Late"]
[Site "Chess.com INT"]
[Date "2024.06.18"]
[Round "10"]
[White "Wang, Lidong"]
[Black "Hryshchenko, Kamila"]
[Result "0-1"]
[WhiteElo "2128"]
[BlackElo "2161"]
[PlyCount "62"]
[EventDate "2024.06.18"]
[EventType "swiss (blitz)"]
[EventRounds "11"]
[EventCountry "USA"]
[SourceTitle "EXT 2025"]
[Source "ChessBase"]
[SourceDate "2024.10.14"]
[SourceVersion "1"]
[SourceVersionDate "2024.10.14"]
[SourceQuality "1"]

1. e4 d6 2. d4 g6 3. h4 h5 4. Nf3 Bg4 5. Be2 Bxf3 6. Bxf3 Bg7 7. 0-0 c6 8. c4 Qb6 9. Be3 Qxb2 10. Nd2 Qb6 11. Rb1 Qc7 12. Qb3 b6 13. c5 dxc5 14. dxc5 b5 15. a4 a6 16. g3 Be5 17. Bg2 Bg7 18. f4 Nf6 19. Bd4 Nbd7 20. e5 Ng4 21. Qf3 0-0 22. axb5 cxb5 23. c6 Nb6 24. Rbe1 Rfd8 25. Nb3 Nc4 26. Ba1 a5 27. Qe4 a4 28. f5 Ngxe5 29. fxg6 Nxg6 30. Nc5 Qb6 31. Kh2 Qxc5 0-1

[Event "Titled Tuesday intern op 18th Jun Late"]
[Site "Chess.com INT"]
[Date "2024.06.18"]
[Round "6"]
[White "Wang, Lidong"]
[Black "Novikova, Margarita"]
[Result "0-1"]
[WhiteElo "2128"]
[BlackElo "1999"]
[PlyCount "36"]
[EventDate "2024.06.18"]
[EventType "swiss (blitz)"]
[EventRounds "11"]
[EventCountry "USA"]
[SourceTitle "EXT 2025"]
[Source "ChessBase"]
[SourceDate "2024.10.14"]
[SourceVersion "1"]
[SourceVersionDate "2024.10.14"]
[SourceQuality "1"]

1. e4 e5 2. Nf3 Nf6 3. d4 Nxe4 4. Bd3 d5 5. Nxe5 Nd7 6. 0-0 Nxe5 7. dxe5 Be7 8. c4 Be6 9. cxd5 Bxd5 10. Qa4+ Bc6 11. Qc4 Qd5 12. Qc2 Nc5 13. f3 Qxd3 14. Qf2 0-0 15. Be3 Ne6 16. Nc3 b6 17. Rfd1 Qf5 18. g4 Qxf3 0-1

[Event "Titled Tuesday intern op 11th Jun Late"]
[Site "Chess.com INT"]
[Date "2024.06.11"]
[Round "4"]
[White "Ladan, Nicholas John"]
[Black "Wang, Lidong"]
[Result "1-0"]
[WhiteElo "2177"]
[BlackElo "2128"]
[PlyCount "54"]
[EventDate "2024.06.11"]
[EventType "swiss (blitz)"]
[EventRounds "11"]
[EventCountry "USA"]
[SourceTitle "EXT 2025"]
[Source "ChessBase"]
[SourceDate "2024.10.14"]
[SourceVersion "1"]
[SourceVersionDate "2024.10.14"]
[SourceQuality "1"]

1. Nc3 e5 2. e3 d5 3. Qh5 Nc6 4. Bb5 Bd6 5. Nxd5 Be6 6. c4 a6 7. Ba4 b5 8. Bb3 bxc4 9. Bxc4 Na5 10. Nxc7+ Qxc7 11. Bxe6 Nf6 12. Qf3 e4 13. Qf5 fxe6 14. Qxe6+ Kf8 15. Ne2 Re8 16. Qh3 Nc6 17. 0-0 g6 18. b3 Be5 19. Ba3+ Kg7 20. Rac1 Qb7 21. f4 exf3 22. Rxf3 Rc8 23. d4 Bb8 24. Rcf1 Nd5 25. Qe6 Rce8 26. Rf7+ Kh6 27. Qh3+ Kg5 1-0

[Event "Titled Tuesday intern op 11th Jun Late"]
[Site "Chess.com INT"]
[Date "2024.06.11"]
[Round "11"]
[White "Stevik, Patrik1"]
[Black "Wang, Lidong"]
[Result "1-0"]
[WhiteElo "2262"]
[BlackElo "2128"]
[PlyCount "203"]
[EventDate "2024.06.11"]
[EventType "swiss (blitz)"]
[EventRounds "11"]
[EventCountry "USA"]
[SourceTitle "EXT 2025"]
[Source "ChessBase"]
[SourceDate "2024.10.14"]
[SourceVersion "1"]
[SourceVersionDate "2024.10.14"]
[SourceQuality "1"]

1. e4 e6 2. Nf3 d5 3. exd5 exd5 4. d4 Bd6 5. Bd3 Ne7 6. h3 0-0 7. 0-0 Bf5 8. Re1 Bxd3 9. Qxd3 Nd7 10. Bg5 f6 11. Bh4 Ng6 12. Bg3 Bxg3 13. fxg3 Re8 14. Nbd2 Ndf8 15. c3 Qd6 16. Nh2 c5 17. Nhf1 cxd4 18. Qxd4 Ne6 19. Qg4 Ne5 20. Qe2 Qb6+ 21. Kh2 d4 22. Nc4 Nxc4 23. Qxc4 Rac8 24. Qa4 d3 25. Rad1 Qd6 26. Re3 Red8 27. Qb3 Kf7 28. Rdxd3 Qc6 29. Nd2 Rxd3 30. Rxd3 Rc7 31. Re3 Re7 32. Nf3 Kf8 33. Qb4 Ke8 34. Nd4 Qa6 35. Nf5 Rd7 36. Rxe6+ Qxe6 37. Nd4 Qd5 38. Qa4 Kf7 39. Qxa7 f5 40. Qb8 Qd6 41. Qc8 Qc7 42. Qh8 Kg6 43. Qe8+ Rf7 44. Qe6+ Rf6 45. Qe8+ Qf7 46. Qe2 h6 47. Qf3 Kh7 48. a4 f4 49. g4 Qe7 50. Qd3+ Kh8 51. Nf5 Qc7 52. Kg1 Re6 53. Qd4 Re1+ 54. Kf2 Rb1 55. b4 Kh7 56. Qd3 Rb2+ 57. Kf3 g6 58. Nd4 Ra2 59. Qe4 Rxa4 60. Qxf4 Qxc3+ 61. Qe3 Qxe3+ 62. Kxe3 Rxb4 63. Ne6 Kg8 64. Nc5 Kf7 65. Nd7 b6 66. Ne5+ Kf6 67. Nd7+ Ke6 68. Nf8+ Kf7 69. Nd7 b5 70. g3 Rb2 71. Ne5+ Kf6 72. Nd7+ Ke6 73. Nc5+ Kd5 74. Nd3 b4 75. Nf4+ Kc4 76. Nxg6 Rb3+ 77. Kf4 Rd3 78. Ne5+ Kc3 79. Nxd3 Kxd3 80. g5 b3 81. gxh6 b2 82. h7 b1Q 83. h8Q Qc1+ 84. Kg4 Qd1+ 85. Kh4 Qa4+ 86. g4 Qc6 87. Qh7+ Ke2 88. Qe7+ Kf3 89. Qf7+ Kg2 90. g5 Qe4+ 91. Kh5 Qe2+ 92. Kg6 Qd3+ 93. Kg7 Qd4+ 94. Kg8 Kxh3 95. g6 Kh4 96. g7 Qd8+ 97. Kh7 Qd3+ 98. Qg6 Qd7 99. Kh8 Qc8+ 100. g8Q Qc5 101. Qh6+ Qh5 102. Qxh5+ 1-0

[Event "Titled Tuesday intern op 11th Jun Late"]
[Site "Chess.com INT"]
[Date "2024.06.11"]
[Round "3"]
[White "Wang, Lidong"]
[Black "Thorfinnsson, Bjorn"]
[Result "1-0"]
[WhiteElo "2128"]
[BlackElo "2356"]
[PlyCount "95"]
[EventDate "2024.06.11"]
[EventType "swiss (blitz)"]
[EventRounds "11"]
[EventCountry "USA"]
[SourceTitle "EXT 2025"]
[Source "ChessBase"]
[SourceDate "2024.10.14"]
[SourceVersion "1"]
[SourceVersionDate "2024.10.14"]
[SourceQuality "1"]

1. e4 e5 2. Nf3 Nc6 3. Bc4 Nf6 4. d3 Bc5 5. c3 d6 6. h3 h6 7. a4 a6 8. b4 Ba7 9. Qb3 Qe7 10. Be3 Bxe3 11. fxe3 Be6 12. Nbd2 0-0 13. 0-0 Nd7 14. d4 Bxc4 15. Qxc4 Kh7 16. Qd3 Nd8 17. Nh2 Ne6 18. Rf2 Ng5 19. Raf1 f6 20. h4 Nf7 21. Nhf3 Qe6 22. Nh2 Rfe8 23. d5 Qe7 24. Ndf3 c6 25. a5 c5 26. h5 b6 27. Nh4 bxa5 28. bxa5 Reb8 29. Qe2 Nf8 30. Nf5 Qd7 31. Ra1 Ng5 32. Qc2 Rb5 33. Nf3 Nxf3+ 34. gxf3 Ra7 35. Rg2 Qd8 36. Kh2 Qe8 37. Ng3 Rab7 38. Rag1 Rxa5 39. Qe2 Rab5 40. f4 exf4 41. exf4 a5 42. Nf5 Rb2 43. Rxg7+ Rxg7 44. Rxg7+ Kh8 45. Qxb2 Qxh5+ 46. Kg3 a4 47. Qh2 Qxh2+ 48. Kxh2 1-0